000 02182nam a2200301Ia 4500
008 220216s9999 xx 000 0 und d
100 _aAtsin G J O
245 0 _aImpact of reduced tapping frequency on agronomic, physiological and biochemical aspects of clone PB 260 of Hevea brasiliensis in the centre west of Cote dIvoire
260 _bJournal of Rubber Research
_c2014
300 _a45-56
520 _aRubber cultivation faces the problem of scarcity of skilled tapping labour despite a significant reduction in the tapping intensity owing to latex harvestinh technologies. Thus, it is essential to optimise latex harvesting technologies by a greater reduction in the need for tapping labour. To achieve this,a study was conducted on clone PB 260 of Hevea brasiliensis, in Gagnoa, in the centre west of Cote dIvoire. Low tapping frequencies (d4, d5 and d6) which is a high consumers of tapping labour were compared with standard (d3) system, which is a high consumer of tapping labour. The results showed that low frequency tapping leads to yield losses per tree by four to 31;compared with standard tapping. These low yield losses however, are compensated by the additional areas that these technologies are able to exploit. Furthermore, low frequency tapping improves yield per tree and per tapping as well as the output of the tapper by 23 to 36;compared with standard tapping. In addition to that, low frequency tapping systems have no significant negative impact on vegetative growth, physiological profile and sensitivity to tapping panel dryness. Therefore, these technologies can be adopted to remedy the shortage of tapping labour in rubber cultivation.
650 _aCote dIvoire
650 _aHevea brasiliensis
650 _aLatex harvesting technologies
650 _aLow tapping frequency
650 _aRadial vegetative growth5Physiological profile
650 _aRubber yield
650 _aTapping panel dryness
700 _aAlle J Y
700 _aCoulibaly L F
700 _aKouakou H T
700 _aKouame C
700 _aNGuessan A E B
700 _aObouayeba S
700 _aSoumahin E F
700 _aTraore S M
942 _cJS
999 _c60760
_d60760